00909cam a2200253 a 4500999001700000001000900017005001700026008004100043010001700084020001500101035002300116040003000139042001400169050002200183100005300205245005500258246001400313260009700327300003400424500002000458650002500478942003200503952012000535 c17494d174941317230420161126120021.0020923s2002 enka c 001 0 eng d a 2003430732 z185648646X a(OCoLC)ocm50648245 aJX7cDLCdJX7dOCLCQdDLC alccopycat00aNK2240b.M33 20021 aMackay, James A.q(James Alexander),d1936-2007.10aAntiques at a glance :bfurniture /cJames Mackay.30aFurniture aLondon :bPRC ;aNew York :bDistributed in the U.S. and Canada by Sterling Pub. Co.,c2002. a144 p. :bcol. ill. ;c22 cm. aIncludes index. 0aFurniturevCatalogs. 2lcccBOOKShNA1521 .A2 1997 00102lcc4070aMUCbMUCcGENd2016-11-26eDonation(BFA)l0oNA1521 .A2 1997p28305r2016-11-26w2016-11-26yBOOKS